Rocksongs schlecht erklärt #2 - Statistiken

Allgemein
  • Dieses Quiz wurde 50 mal gespielt
  • Das Durchschnittsergebnis liegt bei 6 aus 15
Antwortstatistiken
Hint Antwort % Korrekt
Elton scheint man einfach nicht kleinkriegen zu können. Er steht immer noch! Im still standing
77%
Der Teufel ist gekommen um den Australiern "Wechselstrom/ Gleichstrom" das Ende "einzuläuten" Hells Bells
72%
Eine reiche Frau kauft sich den Weg zum Himmel Stairway to heaven
67%
Mark stellt zwischen genialem Gitarrenspiel eine Band vor, die Jazz und Kreole spielen und sich als Sultane bezeichnen Sultans of swing
65%
Ein Reisender betritt eine als Hotel getarnte Irrenanstalt Hotel California
60%
"Mitternachtsöl" fragt sich, wie wir tanzen können wenn unsere Welt sich dreht Beds are burning
58%
In einem Gefängnis wird eine riesige Partie mit Rockmusik veranstaltet Jailhouse Rock
53%
Der Großstadtdschungel droht die Band aus LA "aufzufressen" Welcome to the jungle
37%
Der eiserne Mann kehrt zurück um sich an der Menschheit zu rächen Iron Man
35%
Billy besteht auf seine Unschuld an jeglichen bedeutenden Ereignissen von 1949-1989 We didnt start the fire
33%
Shrek startet unter anderem mit einem Song, der der Meinung ist "alles was glänzt ist Gold" in seinen Tag All Star
28%
Leipziger setzen den Countdown für den Sonnenaufgang Sonne
19%
Stevie ist sich 1977 sicher: "Und wenn du mich jetzt nicht liebst, wirst du mich nie wieder lieben" The Chain
12%
Dexter singt von seinem Freund, der seine Freundin los haben will und von einer Freundin, die genau dasselbe will Why dont you get a job?
7%
Brad Delp erinnert sich durch einen alten Song an "Marianne" More than a feeling
2%
Keine übereinstimmenden Quizze gefunden
Verteilung der Resultate
Anzahl Personen mit jedem Resultat
Perzentil nach korrekt beantworteten Fragen
Ihre Resultats-Entwicklung
Sie haben dieses Quiz noch nicht gespielt